Fast typing 1 to 30 - Statistics

General Stats
  • This quiz has been taken 601 times
  • The average score is 25 of 30
Answer Stats
Answer % Correct
1
100%
3
100%
2
99%
4
98%
5
98%
6
97%
7
97%
8
96%
9
96%
10
94%
12
93%
14
93%
11
92%
13
91%
15
91%
16
90%
17
90%
18
88%
19
85%
20
82%
21
81%
22
77%
23
72%
24
68%
25
67%
26
65%
27
62%
28
61%
29
59%
30
54%
No matching quizzes found
Score Distribution
Percent of People with Each Score
Percentile by Number Answered
Your Score History
You have not taken this quiz